00751nam a2200205 a 450000500170000000800410001704100080005811000300006624500360009626000510013230000140018350500250019750500260022250500490024850500280029750500230032571000780034871000900042671000290051620140115144447.0140115b1994 ck ||||| |||| 00| 0 spa d aspa bInstituto Mayor Campesino aBolsa de los árboles pa'comer aBogotábIMCAbCETECbCIPAVbSuna Hiscac1994 a5 afiches aAfiche 1. Matarraton aAfiche 2. Chachafruto aAfiche 3. Arboles en recurso de producción aAfiche 4. Como se usan? aAfiche 5. Nacedero a^aCorporación para el Estudio Interdisciplinario y Asesoría Técnica a^aCentro para la Investigación en Sistemas Sostenibles de Producción Agropecuaria a^aFundación Suna Hisca